100 Biggest Cities of Romania on a Map - Statistics

General Stats
  • This quiz has been taken 1,181 times
  • The average score is 45 of 100
Answers on the Map
Answers color-coded by a green-red scale on the quiz's map according to % correct below.
 
Answer Stats
Population City % Correct
1,716,961 Bucharest
98%
286,598 Cluj-Napoca
94%
263,688 Constanța
94%
250,849 Timișoara
94%
271,692 Iași
92%
237,589 Brașov
88%
145,078 Arad
84%
234,140 Craiova
84%
217,851 Galați
81%
183,105 Oradea
81%
134,309 Sibiu
78%
180,540 Ploiești
77%
141,275 Pitești
75%
91,520 Satu Mare
75%
108,759 Baia Mare
74%
136,087 Bacău
73%
154,686 Brăila
70%
116,033 Târgu Mureș
69%
90,010 Botoșani
68%
84,322 Suceava
68%
103,481 Buzău
67%
65,624 Tulcea
67%
64,227 Alba Iulia
62%
54,551 Giurgiu
61%
79,679 Piatra Neamț
60%
50,457 Hunedoara
59%
66,965 Târgoviște
59%
63,035 Vaslui
58%
53,113 Deva
56%
78,877 Bistrița
54%
93,151 Râmnicu Vâlcea
53%
73,545 Târgu Jiu
53%
79,865 Drobeta-Turnu Severin
52%
58,211 Călărași
51%
66,648 Focșani
51%
23,927 Sighișoara
51%
52,359 Zalău
51%
40,390 Alexandria
48%
58,393 Reșița
48%
50,080 Sfântu Gheorghe
48%
34,484 Miercurea Ciuc
47%
31,950 Mangalia
46%
63,487 Slatina
46%
41,550 Slobozia
46%
48,644 Roman
45%
39,505 Mediaș
43%
43,319 Turda
43%
47,366 Voluntari
43%
52,475 Bârlad
42%
35,450 Lugoj
41%
31,044 Petroșani
39%
21,750 Otopeni
38%
34,612 Medgidia
36%
34,398 Năvodari
36%
20,586 Buftea
35%
27,574 Câmpulung
35%
31,475 Dej
35%
25,977 Curtea de Argeș
34%
26,284 Făgăraș
34%
26,490 Sebeș
34%
34,005 Onești
33%
53,434 Popești-Leordeni
33%
22,624 Oltenița
32%
21,307 Aiud
31%
27,403 Caracal
31%
21,714 Caransebeș
31%
32,873 Pantelimon
31%
30,766 Pașcani
31%
22,294 Roșiori de Vede
30%
32,793 Sighetu Marmației
30%
32,801 Tecuci
30%
40,080 Bragadiru
29%
43,588 Chiajna
29%
27,465 Fetești
29%
19,597 Turnu Măgurele
29%
20,590 Câmpia Turzii
28%
28,993 Câmpina
27%
29,774 Râmnicu Sărat
27%
31,335 Odorheiu Secuiesc
26%
24,292 Rădăuți
26%
29,742 Reghin
26%
19,772 Vulcan
26%
25,045 Huși
25%
29,317 Mioveni
25%
27,711 Borșa
23%
22,893 Dorohoi
23%
20,604 Târnăveni
23%
52,735 Florești
22%
19,873 Gherla
22%
30,920 Săcele
22%
21,624 Zărnești
22%
20,534 Codlea
20%
22,277 Cisnădie
18%
19,600 Petrila
18%
23,902 Fălticeni
17%
22,270 Giroc
17%
28,534 Miroslava
16%
19,728 Moinești
15%
19,996 Comănești
14%
20,014 Dumbrăvița
12%
No matching quizzes found
Score Distribution
Percent of People with Each Score
Percentile by Number Answered
Your Score History
You have not taken this quiz